[Event "Toronto int"]
[Site "Toronto CAN"]
[Date "2000.08.18"]
[Round "4"]
[White "Djerkovic, Miladin"]
[Black "Hacatoglu, Kevork"]
[Result "1-0"]
[WhiteElo "2330"]
[BlackElo "2215"]
[PlyCount "67"]
[GameId "2160767911652819"]
[EventDate "2000.08.16"]
[EventType "tourn"]
[EventRounds "9"]
[EventCountry "CAN"]

1. e4 e6 2. d4 d5 3. Nc3 Bb4 4. e5 c5 5. a3 Bxc3+ 6. bxc3 Ne7 7. Qg4 Qc7 8. Qxg7 Rg8 9. Qxh7 cxd4 10. Ne2 Nbc6 11. f4 Bd7 12. Qd3 dxc3 13. Be3 Nf5 14. Bf2 d4 15. Bxd4 Ncxd4 16. Nxd4 O-O-O 17. Ne2 Qc5 18. Qxc3 Qxc3+ 19. Nxc3 Ne3 20. Kf2 Nxf1 21. Rhxf1 Bc6 22. g3 Rd2+ 23. Ne2 Bb5 24. Rfe1 Rgd8 25. a4 Bc4 26. Rac1 a5 27. Ke3 b5 28. axb5 a4 29. Nc3 Rxh2 30. Ne4 Bd5 31. Nd6+ Kb8 32. c4 Rg8 33. cxd5 Rxg3+ 34. Kd4 1-0

[Event "Toronto int"]
[Site "Toronto CAN"]
[Date "2000.08.18"]
[Round "4"]
[White "Furstner, Nandor"]
[Black "Mazock, Michael"]
[Result "0-1"]
[WhiteElo "2098"]
[BlackElo "2227"]
[PlyCount "90"]
[GameId "2160767911652820"]
[EventDate "2000.08.16"]
[EventType "tourn"]
[EventRounds "9"]
[EventCountry "CAN"]

1. e4 c5 2. c3 Nf6 3. e5 Nd5 4. Nf3 Nc6 5. c4 Nc7 6. b3 g6 7. d4 cxd4 8. Nxd4 Nxe5 9. Bb2 f6 10. f4 Nc6 11. f5 Bg7 12. fxg6 hxg6 13. Qc2 Kf7 14. Bd3 Ne5 15. Nd2 Nxd3+ 16. Qxd3 d5 17. O-O e5 18. Ne2 dxc4 19. Qxc4+ Be6 20. Qc2 Bf5 21. Ne4 Ne6 22. Rad1 Qb6+ 23. Kh1 Rad8 24. Rxd8 Rxd8 25. N2g3 Qe3 26. Ba3 Qd4 27. Nxf5 gxf5 28. Ng3 f4 29. Nf5 Qd3 30. Qxd3 Rxd3 31. Nd6+ Kg6 32. Nxb7 Rd2 33. Ra1 e4 34. Bb4 Rc2 35. Re1 f5 36. a4 Bc3 37. Bxc3 Rxc3 38. Rb1 f3 39. gxf3 Rxf3 40. b4 e3 41. Nc5 Nd4 42. Nd3 Kf6 43. Kg2 e2 44. Ne1 Rf1 45. Rc1 f4 0-1

[Event "Toronto int"]
[Site "Toronto CAN"]
[Date "2000.08.18"]
[Round "4"]
[White "Pushkedra, Frank"]
[Black "Moskvitch, Andrei"]
[Result "1-0"]
[WhiteElo "2328"]
[BlackElo "2205"]
[PlyCount "63"]
[GameId "2160767911652821"]
[EventDate "2000.08.16"]
[EventType "tourn"]
[EventRounds "9"]
[EventCountry "CAN"]

1. e4 c5 2. Nf3 e6 3. d4 cxd4 4. Nxd4 a6 5. Nc3 Qc7 6. Bd3 b5 7. O-O Nf6 8. Re1 Bc5 9. Nb3 Bd6 10. h3 Nc6 11. a4 b4 12. Ne2 Na5 13. Nxa5 Qxa5 14. Nd4 Bb7 15. Qe2 Qb6 16. c3 Be7 17. Bd2 d5 18. exd5 Nxd5 19. a5 Qd6 20. Rad1 O-O 21. Qe4 g6 22. Bh6 Rfb8 23. Qg4 Nf6 24. Qh4 Nd5 25. Qg4 Nf6 26. Qg5 Nd5 27. Qd2 bxc3 28. bxc3 Rd8 29. Be4 Qc7 30. c4 Qxc4 31. Nxe6 Nf6 32. Nxd8 1-0

[Event "Toronto int"]
[Site "Toronto CAN"]
[Date "2000.08.18"]
[Round "4"]
[White "Raheb, David"]
[Black "Hurley, Paul"]
[Result "1-0"]
[WhiteElo "2088"]
[BlackElo "2202"]
[PlyCount "129"]
[GameId "2160767911652822"]
[EventDate "2000.08.16"]
[EventType "tourn"]
[EventRounds "9"]
[EventCountry "CAN"]

1. d4 Nf6 2. c4 e6 3. Nf3 c5 4. e3 d5 5. Nc3 Nc6 6. Bd3 Be7 7. O-O O-O 8. a3 b6 9. Re1 Bb7 10. cxd5 exd5 11. b3 Rc8 12. Bb2 Re8 13. Bf5 Rb8 14. Rc1 cxd4 15. Nxd4 Nxd4 16. Qxd4 Bc5 17. Qh4 g6 18. Bb1 Ne4 19. Qxd8 Rbxd8 20. b4 Bf8 21. Nb5 a5 22. bxa5 bxa5 23. f3 Nd2 24. Nc7 Nc4 25. Bd4 Bxa3 26. Nxe8 Rxe8 27. Rcd1 Nb2 28. Bxb2 Bxb2 29. Ba2 Ba6 30. Rxd5 Bc3 31. Rc1 Rxe3 32. Rd7 Kg7 33. Bxf7 Kf6 34. Rd6+ Kxf7 35. Rxa6 Re1+ 36. Rxe1 Bxe1 37. Kf1 Bb4 38. Ke2 Kg7 39. Kd3 Kh6 40. Kc4 Kg5 41. g3 Kf5 42. Rb6 Be1 43. Rb5+ Kf6 44. Rb7 h6 45. Kd5 Kf5 46. Rb6 h5 47. Kc4 Kg5 48. Rb1 Bd2 49. Rd1 Bb4 50. h3 Kf5 51. Rd5+ Kf6 52. g4 hxg4 53. hxg4 Ke6 54. Rb5 Kf6 55. Kd3 Be1 56. f4 Bb4 57. Ke4 Bc3 58. Rb6+ Kf7 59. f5 gxf5+ 60. Kxf5 Bb4 61. Rb7+ Kg8 62. Kg6 Kf8 63. g5 Bd6 64. Ra7 Bb4 65. Kh7 1-0

[Event "Toronto int"]
[Site "Toronto CAN"]
[Date "2000.08.18"]
[Round "4"]
[White "Vaingorten, Yaaqov"]
[Black "Wight, Keith"]
[Result "1-0"]
[WhiteElo "2249"]
[BlackElo "2104"]
[PlyCount "115"]
[GameId "2160767911652823"]
[EventDate "2000.08.16"]
[EventType "tourn"]
[EventRounds "9"]
[EventCountry "CAN"]

1. Nf3 c5 2. c4 Nc6 3. g3 g6 4. Bg2 Bg7 5. O-O e6 6. Nc3 Nge7 7. a3 O-O 8. Rb1 d5 9. d3 b6 10. Bd2 Bb7 11. b4 cxb4 12. axb4 dxc4 13. dxc4 Nd4 14. Nxd4 Bxg2 15. Nxe6 Qc8 16. Kxg2 Qxe6 17. Qb3 Rac8 18. Nd5 Nxd5 19. cxd5 Qxe2 20. Rbd1 Qe4+ 21. Qf3 Qxf3+ 22. Kxf3 Rfd8 23. Bf4 Rc3+ 24. Kg2 h6 25. h4 Rc4 26. d6 Bd4 27. Rd3 g5 28. hxg5 hxg5 29. Bxg5 Rxd6 30. Rfd1 Rg6 31. Bf4 Bf6 32. Bd2 Rc2 33. b5 Rc5 34. Rb1 Be5 35. Rd7 Rd6 36. Rxd6 Bxd6 37. Be3 Rd5 38. Kf3 Bc5 39. Bf4 Rd4 40. Ke2 Rb4 41. Rxb4 Bxb4 42. Bb8 Bc5 43. Bxa7 Kf8 44. Bb8 Ke7 45. g4 Ke6 46. f4 Kd5 47. Kd3 Be7 48. g5 Kc5 49. Ke4 Kxb5 50. Kd5 Ba3 51. Bd6 Bc1 52. Be5 Ba3 53. f5 Bc1 54. g6 fxg6 55. fxg6 Bh6 56. Ke6 Ka4 57. Bf4 Bxf4 58. g7 1-0

[Event "Toronto int"]
[Site "Toronto CAN"]
[Date "2000.08.18"]
[Round "4"]
[White "Yee, Lorne"]
[Black "Rolfe, Warrick"]
[Result "1-0"]
[WhiteElo "2241"]
[BlackElo "2121"]
[PlyCount "65"]
[GameId "2160767911652824"]
[EventDate "2000.08.16"]
[EventType "tourn"]
[EventRounds "9"]
[EventCountry "CAN"]

1. d4 Nf6 2. Bf4 d5 3. e3 Bf5 4. Bd3 Bxd3 5. cxd3 e6 6. Nc3 Bb4 7. Qb3 Qe7 8. a3 Bxc3+ 9. Qxc3 c6 10. h3 O-O 11. Nf3 Nfd7 12. b4 Na6 13. O-O Rfe8 14. Rab1 Nf8 15. Rfc1 Ng6 16. Bg3 Qd7 17. Nd2 Rec8 18. Nb3 Ne7 19. Nc5 Nxc5 20. bxc5 Nf5 21. Bh2 a6 22. Rb6 Ra7 23. Rcb1 Re8 24. Qb2 Re7 25. g4 Nh4 26. Bd6 h5 27. Bxe7 Qxe7 28. f4 Qf6 29. Qf2 g5 30. Rxb7 Rxb7 31. Rxb7 hxg4 32. hxg4 Qg6 33. fxg5 1-0

[Event "Toronto int"]
[Site "Toronto CAN"]
[Date "2000.08.18"]
[Round "4"]
[White "Zybura, Andre"]
[Black "Gushuliak, Justin"]
[Result "0-1"]
[WhiteElo "2072"]
[BlackElo "2185"]
[PlyCount "74"]
[GameId "2160767911652825"]
[EventDate "2000.08.16"]
[EventType "tourn"]
[EventRounds "9"]
[EventCountry "CAN"]

1. Nf3 b6 2. g3 Bb7 3. c4 Bxf3 4. exf3 c5 5. d4 Nc6 6. dxc5 bxc5 7. Bg2 g6 8. O-O Bg7 9. Nc3 Rb8 10. Ne4 d6 11. Re1 Bd4 12. Qa4 Qc7 13. f4 Rb6 14. Bd2 Kf8 15. Rab1 Qb7 16. b4 cxb4 17. Qc2 Nf6 18. Nxf6 Bxf6 19. c5 dxc5 20. Qxc5 Qa6 21. f5 Kg7 22. fxg6 hxg6 23. Be3 Ne5 24. Qc2 Rc8 25. Qb3 Rc3 26. Qd5 Rd6 27. Qa8 Qxa2 28. Ra1 Qc4 29. Rxa7 Rcd3 30. Bf1 R6d5 31. Bxd3 Nf3+ 32. Kh1 Qxd3 33. Rc1 Qe4 34. Kg2 Nh4+ 35. Kf1 Qh1+ 36. Ke2 Qf3+ 37. Kf1 Rd1+ 0-1

[Event "Toronto int"]
[Site "Toronto CAN"]
[Date "2000.08.18"]
[Round "5"]
[White "Hacatoglu, Kevork"]
[Black "Southam, David"]
[Result "1/2-1/2"]
[WhiteElo "2215"]
[BlackElo "2123"]
[PlyCount "44"]
[GameId "2160767911652826"]
[EventDate "2000.08.16"]
[EventType "tourn"]
[EventRounds "9"]
[EventCountry "CAN"]

1. e4 c5 2. Nf3 e6 3. d4 cxd4 4. Nxd4 Nc6 5. Nc3 a6 6. Nxc6 bxc6 7. Bd3 d5 8. O-O Nf6 9. f4 Be7 10. Qf3 O-O 11. b3 Rb8 12. e5 Nd7 13. Qh3 g6 14. Nd1 Nc5 15. Nf2 f5 16. Kh1 Nxd3 17. cxd3 a5 18. d4 a4 19. Qc3 Ba6 20. Nd3 Bxd3 21. Qxd3 c5 22. Be3 Qa5 1/2-1/2

[Event "Toronto int"]
[Site "Toronto CAN"]
[Date "2000.08.18"]
[Round "5"]
[White "Hurley, Paul"]
[Black "Furstner, Nandor"]
[Result "1-0"]
[WhiteElo "2202"]
[BlackElo "2098"]
[PlyCount "41"]
[GameId "2160767911652827"]
[EventDate "2000.08.16"]
[EventType "tourn"]
[EventRounds "9"]
[EventCountry "CAN"]

1. e4 c5 2. Nf3 Nc6 3. d4 cxd4 4. Nxd4 g6 5. c4 Bg7 6. Be3 Nf6 7. Nc3 O-O 8. Be2 d6 9. Nb3 Be6 10. O-O Rc8 11. Nd2 b6 12. Rc1 Qd7 13. h3 Ne8 14. Nf3 f5 15. Ng5 Rb8 16. Nxe6 Qxe6 17. exf5 Qxf5 18. Nd5 Qd7 19. Qa4 Bxb2 20. Qxc6 Qxc6 21. Nxe7+ 1-0

[Event "Toronto int"]
[Site "Toronto CAN"]
[Date "2000.08.18"]
[Round "5"]
[White "Mitrovic, Bojana"]
[Black "Benjaffar, Mohamed Elhasmey"]
[Result "0-1"]
[WhiteElo "2057"]
[BlackElo "2303"]
[PlyCount "48"]
[GameId "2160767911652828"]
[EventDate "2000.08.16"]
[EventType "tourn"]
[EventRounds "9"]
[EventCountry "CAN"]

1. Nf3 Nf6 2. g3 g6 3. Bg2 Bg7 4. O-O O-O 5. d4 d5 6. c4 c6 7. b3 Nbd7 8. Nc3 dxc4 9. bxc4 Nb6 10. c5 Nbd5 11. Nxd5 Nxd5 12. e4 Nc7 13. Be3 f5 14. Qb3+ Kh8 15. Ng5 e6 16. exf5 exf5 17. Nf7+ Rxf7 18. Qxf7 Be6 19. Bg5 Bxf7 20. Bxd8 Rxd8 21. Rab1 Bc4 22. Rfe1 Ba6 23. Re7 Nb5 24. Bf1 Bxd4 0-1

[Event "Toronto int"]
[Site "Toronto CAN"]
[Date "2000.08.18"]
[Round "5"]
[White "Peredun, Andrew"]
[Black "Raheb, David"]
[Result "1/2-1/2"]
[WhiteElo "2281"]
[BlackElo "2088"]
[PlyCount "73"]
[GameId "2160767911652829"]
[EventDate "2000.08.16"]
[EventType "tourn"]
[EventRounds "9"]
[EventCountry "CAN"]

1. e4 c5 2. Nf3 d6 3. d4 cxd4 4. Nxd4 Nf6 5. Nc3 a6 6. Bg5 e6 7. f4 Nc6 8. Qd2 h6 9. Bh4 Nxe4 10. Bxd8 Nxd2 11. Nxc6 bxc6 12. Bh4 Nxf1 13. Rxf1 Be7 14. Bxe7 Kxe7 15. O-O-O Rd8 16. g3 c5 17. f5 Bb7 18. Rf2 Bc6 19. Rdf1 f6 20. fxe6 Kxe6 21. g4 d5 22. h4 d4 23. Ne2 Bb5 24. Nf4+ Kf7 25. Rg1 a5 26. g5 hxg5 27. hxg5 Rh8 28. gxf6 gxf6 29. Nd5 Rh6 30. Rfg2 Rh7 31. Rf2 Ra6 32. Nc7 Rb6 33. Nxb5 Rxb5 34. Rf5 a4 35. Rgf1 Rh6 36. a3 Ke7 37. Kb1 1/2-1/2

[Event "Toronto int"]
[Site "Toronto CAN"]
[Date "2000.08.18"]
[Round "5"]
[White "Wight, Keith"]
[Black "Ruiz, Richard"]
[Result "1-0"]
[WhiteElo "2104"]
[BlackElo "2181"]
[PlyCount "46"]
[GameId "2160767911652830"]
[EventDate "2000.08.16"]
[EventType "tourn"]
[EventRounds "9"]
[EventCountry "CAN"]

1. e4 d5 2. exd5 Qxd5 3. Nc3 Qa5 4. d4 Nf6 5. Bc4 Bf5 6. Nf3 e6 7. Bd2 c6 8. Nd5 Qd8 9. Nxf6+ gxf6 10. Bb3 Nd7 11. Qe2 Rg8 12. Nh4 Bg6 13. O-O-O f5 14. g3 Be7 15. Ng2 Nf6 16. Nf4 Nd5 17. Nxd5 cxd5 18. Ba4+ Kf8 19. Bh6+ Rg7 20. h4 f6 21. Bxg7+ Kxg7 22. Qxe6 b5 23. Bb3 a5 1-0

[Event "Toronto int"]
[Site "Toronto CAN"]
[Date "2000.08.19"]
[Round "6"]
[White "Hacatoglu, Kevork"]
[Black "Mitrovic, Bojana"]
[Result "1-0"]
[WhiteElo "2215"]
[BlackElo "2057"]
[PlyCount "51"]
[GameId "2160767911652831"]
[EventDate "2000.08.16"]
[EventType "tourn"]
[EventRounds "9"]
[EventCountry "CAN"]

1. e4 g6 2. d4 Bg7 3. Nc3 d6 4. Nf3 Nf6 5. Be2 O-O 6. O-O c6 7. a4 Nbd7 8. Bc4 d5 9. exd5 Nb6 10. Bb3 cxd5 11. a5 Nc4 12. Nxd5 Qxd5 13. Ra4 Nxb2 14. Bxb2 Qd8 15. Re1 Bd7 16. Ra1 Bb5 17. c4 Ba6 18. Qe2 e6 19. Ba3 Re8 20. Ba4 Nd7 21. Ne5 Nxe5 22. dxe5 Qxa5 23. Bxe8 Rxe8 24. Bd6 Qb6 25. c5 Qd8 26. Qe4 1-0

[Event "Toronto int"]
[Site "Toronto CAN"]
[Date "2000.08.19"]
[Round "6"]
[White "Raheb, David"]
[Black "Bluvshtein, Mark"]
[Result "1-0"]
[WhiteElo "2088"]
[BlackElo "2256"]
[PlyCount "89"]
[GameId "2160767911652832"]
[EventDate "2000.08.16"]
[EventType "tourn"]
[EventRounds "9"]
[EventCountry "CAN"]

1. d4 Nf6 2. c4 e6 3. Nf3 b6 4. g3 Bb7 5. Bg2 Be7 6. O-O O-O 7. d5 exd5 8. Nh4 c6 9. cxd5 Nxd5 10. Nf5 Nc7 11. e4 d5 12. Re1 dxe4 13. Nc3 Nd5 14. Nxe4 Na6 15. Qg4 g6 16. Nxe7+ Qxe7 17. Bg5 f6 18. Nxf6+ Nxf6 19. Rxe7 Nxg4 20. Rxb7 Nc5 21. Re7 h6 22. h3 hxg5 23. hxg4 Rae8 24. Rae1 Rxe7 25. Rxe7 Nd3 26. Bxc6 a5 27. Rb7 Nxb2 28. Bd5+ Kh8 29. Rxb6 Nd3 30. Rxg6 Nxf2 31. Ra6 Nxg4 32. Rxa5 Ne3 33. Ra8 Kg7 34. Rxf8 Kxf8 35. Bb3 Ke7 36. Kf2 Ng4+ 37. Kf3 Nf6 38. Ke3 Kd6 39. Bd1 Kc5 40. Bb3 Nh5 41. Kf3 Nf6 42. Bc2 Kd4 43. Bg6 Kc4 44. Ke3 Kc3 45. Bf7 1-0

[Event "Toronto op"]
[Site "Toronto CAN"]
[Date "2000.04.21"]
[Round "2"]
[White "Alcaide, Florante"]
[Black "Teodoro, Eduardo"]
[Result "0-1"]
[WhiteElo "2175"]
[BlackElo "2440"]
[PlyCount "76"]
[GameId "2160767911724583"]
[EventDate "2000.04.21"]
[EventType "swiss"]
[EventRounds "6"]
[EventCountry "CAN"]
[SourceTitle "CFC 2000.10"]
[Source "CFC"]
[SourceDate "2000.10.??"]
[SourceVersionDate "2000.10.??"]
[SourceQuality "1"]

1. c4 f5 2. Nc3 Nf6 3. d4 g6 4. Nf3 Bg7 5. g3 O-O 6. Bg2 d6 7. O-O Qe8 8. Bg5 Na6 9. Bxf6 Bxf6 10. Nd5 Bg7 11. b4 c6 12. b5 cxd5 13. bxa6 dxc4 14. Nd2 Rb8 15. Nxc4 b5 16. Na5 Bxa6 17. Nc6 Rb6 18. Rc1 Bb7 19. d5 e5 20. Qb3 Kh8 21. Nxa7 e4 22. a4 Qa8 23. Nxb5 Bxd5 24. Qd1 Bg8 25. Nc7 Qa5 26. Nb5 Ra8 27. e3 Qxa4 28. Qxa4 Rxa4 29. Nc3 Bxc3 30. Rxc3 Rb2 31. Rc8 Kg7 32. h4 Raa2 33. Rfc1 Rxf2 34. R1c7+ Kh6 35. Bf1 Rf3 36. Rxg8 Ra1 37. Rgg7 Raxf1+ 38. Kg2 R3f2+ 0-1

[Event "Toronto op"]
[Site "Toronto CAN"]
[Date "2000.04.22"]
[Round "3"]
[White "Bluvshtein, Mark"]
[Black "Livshits, Ron"]
[Result "1/2-1/2"]
[WhiteElo "2264"]
[BlackElo "2523"]
[PlyCount "141"]
[GameId "2160767911724584"]
[EventDate "2000.04.21"]
[EventType "swiss"]
[EventRounds "6"]
[EventCountry "CAN"]
[SourceTitle "CFC 2001.04"]
[Source "CFC"]
[SourceDate "2001.04.??"]
[SourceVersionDate "2001.04.??"]
[SourceQuality "1"]

1. e4 c5 2. Nf3 d6 3. d4 cxd4 4. Nxd4 Nf6 5. Nc3 a6 6. f4 e6 7. Be2 Be7 8. Be3 Qc7 9. Bf3 Nc6 10. O-O O-O 11. Qe1 Nxd4 12. Bxd4 e5 13. Be3 exf4 14. Bxf4 Be6 15. Nd5 Bxd5 16. exd5 Rfe8 17. Qd2 Nd7 18. c3 Bf6 19. Rae1 Be5 20. Be4 Bxf4 21. Rxf4 g6 22. h3 Re7 23. Rf2 Rae8 24. Rfe2 Ne5 25. Qd4 f5 26. Bd3 f4 27. Be4 Rf7 28. Bf3 h5 29. c4 Rf5 30. b4 Rc8 31. c5 dxc5 32. bxc5 Qxc5 33. Qxc5 Nxf3+ 34. gxf3 Rxc5 35. d6 Rcd5 36. Re8+ Kg7 37. R1e7+ Rf7 38. Rd8 Kf6 39. Rdd7 Rxe7 40. dxe7 Re5 41. Rxb7 Rxe7 42. Rb4 Kf5 43. Ra4 Re6 44. h4 Rd6 45. Kf1 Rc6 46. a3 Rd6 47. Kf2 Re6 48. Kg2 Re2+ 49. Kg1 g5 50. Ra5+ Re5 51. Rxe5+ Kxe5 52. hxg5 Kf5 53. Kg2 Kxg5 54. Kh3 a5 55. a4 Kf5 56. Kh4 Kg6 57. Kh3 Kg5 58. Kg2 Kf5 59. Kh3 Ke5 60. Kh4 Kd4 61. Kxh5 Kd3 62. Kg5 Kc4 63. Kxf4 Kb4 64. Kg3 Kxa4 65. f4 Kb5 66. Kg4 Kc6 67. Kg5 Kd6 68. Kg6 Ke7 69. Kg7 Ke6 70. Kg6 Ke7 71. Kg7 1/2-1/2

[Event "Toronto op"]
[Site "Toronto CAN"]
[Date "2000.04.22"]
[Round "4"]
[White "Wang, Hao Yuan"]
[Black "Meng, Ang"]
[Result "1-0"]
[WhiteElo "2129"]
[BlackElo "2157"]
[PlyCount "51"]
[GameId "2160767911724585"]
[EventDate "2000.04.21"]
[EventType "swiss"]
[EventRounds "6"]
[EventCountry "CAN"]
[SourceTitle "CFC 2000.10"]
[Source "CFC"]
[SourceDate "2000.10.??"]
[SourceVersionDate "2000.10.??"]
[SourceQuality "1"]

1. e4 e5 2. Nf3 Nc6 3. Bc4 Nf6 4. d4 exd4 5. O-O d6 6. Nxd4 Ne5 7. Bb3 Bg4 8. f3 Bh5 9. Qe1 Qd7 10. f4 Neg4 11. h3 Nh6 12. Nf3 Bxf3 13. Rxf3 O-O-O 14. Nc3 Re8 15. Rd3 Kb8 16. Be3 a6 17. e5 Nh5 18. Ba4 b5 19. Nxb5 axb5 20. Qa5 c6 21. Bxb5 Nf5 22. Ba6 Nxe3 23. Rb3+ Ka8 24. Bb7+ Kb8 25. Bxc6+ Kc8 26. Qa8+ 1-0

[Event "Toronto-ch"]
[Site "Toronto CAN"]
[Date "2000.02.09"]
[Round "1"]
[White "Bluvshtein, Mark"]
[Black "Evans, Bill"]
[Result "1-0"]
[WhiteElo "2254"]
[BlackElo "2175"]
[PlyCount "67"]
[GameId "2160767911733123"]
[EventDate "2000.02.09"]
[EventType "tourn"]
[EventRounds "10"]
[EventCountry "CAN"]

1. e4 d6 2. d4 g6 3. Nc3 Nf6 4. f3 c6 5. Be3 b5 6. Qd2 Nbd7 7. g4 e5 8. h4 b4 9. Nce2 d5 10. g5 Nh5 11. exd5 cxd5 12. O-O-O Qa5 13. Kb1 Nb6 14. dxe5 Nc4 15. Qd4 Bf5 16. Bh3 Bxc2+ 17. Kxc2 Qxa2 18. Nc1 b3+ 19. Nxb3 Rb8 20. Rd3 Na3+ 21. Kd1 Qb1+ 22. Ke2 Ng3+ 23. Kf2 Nxh1+ 24. Kg2 Qc2+ 25. Kxh1 Bg7 26. Qa4+ Nb5 27. Rc3 Qb1 28. Rc8+ Rxc8 29. Qxb5+ Kf8 30. Bxc8 Bxe5 31. Qxd5 Qxb2 32. f4 Bc3 33. Nd4 Kg7 34. Ne6+ 1-0

[Event "Toronto-ch"]
[Site "Toronto CAN"]
[Date "2000.02.09"]
[Round "1"]
[White "Hunter, Mory"]
[Black "Vaingorten, Yaaqov"]
[Result "0-1"]
[WhiteElo "2059"]
[BlackElo "2231"]
[PlyCount "130"]
[GameId "2160767911733125"]
[EventDate "2000.02.09"]
[EventType "tourn"]
[EventRounds "10"]
[EventCountry "CAN"]

1. e4 e6 2. d4 d5 3. Be3 dxe4 4. Nd2 Nf6 5. f3 exf3 6. Ngxf3 Nbd7 7. Bd3 c5 8. O-O Be7 9. c3 O-O 10. Qc2 b6 11. Ng5 h6 12. Nh7 Nxh7 13. Bxh7+ Kh8 14. Be4 Ba6 15. Rf3 Rc8 16. Rh3 Bg5 17. Bxg5 Qxg5 18. Nf3 Qe3+ 19. Kh1 Qe2 20. Re1 Qxc2 21. Bxc2 cxd4 22. Nxd4 Nf6 23. Bd1 Bb7 24. Kg1 Rfd8 25. g4 Kg8 26. Rhe3 Bd5 27. a3 Bb7 28. h3 Nd5 29. Rg3 g5 30. Bf3 Ba6 31. Bxd5 Rxd5 32. Rge3 Bb7 33. R1e2 Rcd8 34. Kf2 R8d7 35. Kg3 Kg7 36. h4 gxh4+ 37. Kxh4 Rd8 38. Kg3 Rh8 39. Re5 Rxe5 40. Rxe5 Rd8 41. Kf4 Kf6 42. Rh5 Kg6 43. Re5 Bd5 44. Ke3 Rd7 45. Rh5 f5 46. Ne2 fxg4 47. Nf4+ Kh7 48. Ne2 Rf7 49. Nf4 g3 50. Rh4 g2 51. Rg4 Rg7 52. Rxg7+ Kxg7 53. Kf2 Kf6 54. c4 Bxc4 55. Nxg2 Bd5 56. Ne3 Kg5 57. Kg3 h5 58. Nd1 e5 59. Nc3 h4+ 60. Kh2 Bc6 61. b4 Kf4 62. b5 Bb7 63. Kh3 Ke3 64. Na2 e4 65. Kxh4 Kd2 0-1

[Event "Toronto-ch"]
[Site "Toronto CAN"]
[Date "2000.02.09"]
[Round "1"]
[White "Langen, Roger"]
[Black "Teodoro, Eduardo"]
[Result "0-1"]
[WhiteElo "2238"]
[BlackElo "2437"]
[PlyCount "98"]
[GameId "2160767911733126"]
[EventDate "2000.02.09"]
[EventType "tourn"]
[EventRounds "10"]
[EventCountry "CAN"]

1. c4 e5 2. Nc3 Nf6 3. g3 g6 4. Nf3 d6 5. d4 exd4 6. Nxd4 Bg7 7. Bg2 O-O 8. O-O Nbd7 9. Bg5 h6 10. Bf4 Nc5 11. Rb1 Ne6 12. Nxe6 fxe6 13. Qd3 e5 14. Bd2 Bf5 15. e4 Be6 16. Nd5 Qd7 17. Nxf6+ Rxf6 18. f4 exf4 19. gxf4 Rb8 20. b3 b5 21. c5 dxc5 22. Qxd7 Bxd7 23. e5 Ra6 24. Be3 Be6 25. Rfc1 Rxa2 26. Rxc5 Re2 27. Bf2 g5 28. Bf1 Re4 29. fxg5 Bxe5 30. gxh6 Rg4+ 31. Kh1 Bd6 32. Rh5 Bf7 33. Bh3 Bxh5 34. Bxg4 Bxg4 35. Rg1 Kh7 36. Rxg4 a5 37. Be3 Rg8 38. Rd4 Rg6 39. Rd5 c6 40. Rf5 Re6 41. Rf7+ Kg8 42. Rg7+ Kh8 43. Bd4 Be5 44. Bxe5 Rxe5 45. Rg3 Rc5 46. Kg2 b4 47. Kf2 Rc2+ 48. Ke1 Rxh2 49. Rg5 a4 0-1

[Event "Toronto-ch"]
[Site "Toronto CAN"]
[Date "2000.02.09"]
[Round "1"]
[White "Loo, Kent"]
[Black "Paterson, Jim"]
[Result "1-0"]
[WhiteElo "2214"]
[BlackElo "2078"]
[PlyCount "115"]
[GameId "2160767911733127"]
[EventDate "2000.02.09"]
[EventType "tourn"]
[EventRounds "10"]
[EventCountry "CAN"]

1. c4 e6 2. g3 d5 3. Bg2 c6 4. Nf3 Nf6 5. O-O Nbd7 6. d4 Be7 7. b3 O-O 8. Bb2 Ne4 9. Nc3 f5 10. Nd2 Bg5 11. e3 Qe8 12. Qe2 Nb6 13. Rad1 Bf6 14. Ncxe4 fxe4 15. f3 exf3 16. Bxf3 dxc4 17. bxc4 Bd7 18. Ne4 Be7 19. Bh5 Qd8 20. Rxf8+ Bxf8 21. Rf1 Be8 22. Bg4 Bd7 23. Nc5 Bxc5 24. dxc5 Na4 25. Be5 h6 26. Bd6 Qg5 27. Qf3 Kh8 28. h4 Qg6 29. Bh5 Qd3 30. Rd1 Qf5 31. Qxf5 exf5 32. Bf7 Be8 33. Be6 Bg6 34. Rf1 Re8 35. Bxf5 Bxf5 36. Rxf5 Rxe3 37. Rf7 Re4 38. Rxb7 Rxc4 39. Rxa7 Nxc5 40. Be5 Rg4 41. Kg2 Kh7 42. Kf3 h5 43. Ra5 Nd3 44. Bc3 g6 45. Ra7+ Kg8 46. a4 Nc5 47. a5 Ne4 48. Be5 g5 49. Rg7+ Kf8 50. a6 Nc5 51. a7 Ra4 52. Rh7 g4+ 53. Ke2 Ra2+ 54. Kd1 Nd3 55. Bc3 Nf2+ 56. Kc1 Ne4 57. Be5 Nf6 58. Bxf6 1-0

[Event "Toronto-ch"]
[Site "Toronto CAN"]
[Date "2000.02.11"]
[Round "2"]
[White "Paterson, Jim"]
[Black "Bluvshtein, Mark"]
[Result "0-1"]
[WhiteElo "2078"]
[BlackElo "2252"]
[PlyCount "54"]
[GameId "2160767911733129"]
[EventDate "2000.02.09"]
[EventType "tourn"]
[EventRounds "10"]
[EventCountry "CAN"]

1. d4 Nf6 2. Nc3 d5 3. f3 e6 4. e4 dxe4 5. fxe4 Bb4 6. e5 Ne4 7. Nge2 Nxc3 8. bxc3 Qh4+ 9. g3 Qe4 10. Qd3 Qxh1 11. cxb4 O-O 12. h4 b6 13. Bf4 Ba6 14. Qd2 Bc4 15. a4 a5 16. b5 c6 17. bxc6 Nxc6 18. c3 Ne7 19. Qc2 Nd5 20. O-O-O Rfc8 21. Kb2 Nxf4 22. gxf4 b5 23. Ng3 Qf3 24. Bxc4 bxc4 25. Ne2 Rab8+ 26. Ka2 Rb3 27. Rd2 Qc6 0-1

[Event "Toronto-ch"]
[Site "Toronto CAN"]
[Date "2000.02.11"]
[Round "2"]
[White "Teodoro, Eduardo"]
[Black "Peredun, Andrew"]
[Result "1-0"]
[WhiteElo "2437"]
[BlackElo "2255"]
[PlyCount "85"]
[GameId "2160767911733130"]
[EventDate "2000.02.09"]
[EventType "tourn"]
[EventRounds "10"]
[EventCountry "CAN"]

1. e4 c5 2. Nf3 Nc6 3. d4 cxd4 4. Nxd4 e5 5. Nb5 a6 6. N5c3 Nf6 7. Be2 Be7 8. O-O O-O 9. a4 Nd4 10. Bd3 b6 11. Nd5 Nxd5 12. exd5 d6 13. f4 g6 14. c3 Nf5 15. Na3 Qc7 16. Kh1 Bd7 17. Nc2 Ng7 18. Qe2 a5 19. Bb5 Bxb5 20. Qxb5 f5 21. Be3 Rab8 22. Rad1 Bf6 23. Na3 Rfc8 24. Qb3 Nh5 25. Nb5 Qe7 26. fxe5 Bxe5 27. Bd4 Bxd4 28. Nxd4 Qh4 29. Kg1 Nf6 30. Nc6 Rb7 31. Rd4 Qh6 32. c4 Ne4 33. Qd3 Re8 34. Qa3 Nc5 35. Rdf4 Rf7 36. Qg3 Ne4 37. Qe3 Rff8 38. Nd4 Nc5 39. Qg3 Re4 40. Nxf5 Qh5 41. Ne7+ Rxe7 42. Rxf8+ Kg7 43. Qxd6 1-0

[Event "Toronto-ch"]
[Site "Toronto CAN"]
[Date "2000.02.11"]
[Round "2"]
[White "Teodoro, Roderick"]
[Black "Hunter, Mory"]
[Result "1-0"]
[WhiteElo "2240"]
[BlackElo "2059"]
[PlyCount "73"]
[GameId "2160767911733131"]
[EventDate "2000.02.09"]
[EventType "tourn"]
[EventRounds "10"]
[EventCountry "CAN"]

1. e4 d5 2. exd5 Nf6 3. Nc3 Nxd5 4. Bc4 Nxc3 5. Qf3 Nd5 6. Bxd5 e6 7. Bxb7 Bxb7 8. Qxb7 Nd7 9. Nf3 Rb8 10. Qe4 Be7 11. O-O O-O 12. d4 Nf6 13. Qe2 h6 14. Re1 Bd6 15. c4 c6 16. b3 Bb4 17. Rd1 Qc8 18. Bb2 Nd7 19. Rac1 Re8 20. Rd3 e5 21. dxe5 Nc5 22. Re3 Ne6 23. Re4 c5 24. h3 Rd8 25. Bc3 a5 26. Bxb4 axb4 27. Rd1 Ra8 28. Rxd8+ Qxd8 29. Qc2 Ra6 30. Re2 Nd4 31. Nxd4 Qxd4 32. Qd2 Qh4 33. Qe3 Qe7 34. Rd2 Qa7 35. Rd8+ Kh7 36. Qd3+ Rg6 37. Rd6 1-0